| 000 | 00645nam a22001697a 4500 | ||
|---|---|---|---|
| 999 |
_c59524 _d59524 |
||
| 003 | Ge_BSU | ||
| 005 | 20230309121616.0 | ||
| 008 | 230309s2002 ge ||||| |||| 00| 0 geo d | ||
| 041 | _ageo | ||
| 080 | _a342(479.22)(094.1) ს-32 | ||
| 245 |
_aსაქართველოს სახელმწიფო სამართალი : _bსაკანონმდებლო აქტების კრებული. |
||
| 264 |
_aთბილისი, _c2002. |
||
| 300 |
_a251 გვ.; _b21 სმ. |
||
| 653 | _aსამართალი | ||
| 653 | _aსაკანონმდებლო აქტები | ||
| 942 |
_2udc _cBK |
||